| 000 | 00479nam a2200181Ia 4500 | ||
|---|---|---|---|
| 008 | 240925s9999 xx 000 0 und d | ||
| 020 | _a9780070238343 | ||
| 082 | _a658.155 SEP | ||
| 100 | _a Sepulveda, Jose A. | ||
| 245 | 0 | _aSchaums outlines of theory and problems of engineering economics | |
| 250 | _aNA | ||
| 260 |
_aLondon: _bMcGraw-Hill _c1984 |
||
| 300 |
_a184p. _bNA _fNA |
||
| 500 | _aIncludes Index | ||
| 600 | _aManagement | ||
| 650 | _aManagement | ||
| 942 | _cBK | ||
| 999 |
_c18253 _d18253 |
||